000 00823nam a2200265Ia 4500
003 OSt
005 20220930081453.0
006 a|||||r|||| 00| 0
007 ta
008 220926b |||||||| |||| 00| 0 eng d
024 _a105302
037 _cTheses
040 _aCRL
_cCRL
_beng
041 _2eng
_aeng
100 _aAnil Kumar
110 _aUniversity of Delhi. Faculty of Medical Sciences. Department of Anatomy
245 0 _aEffect of deltamethrin on the testis in Albino rats
260 _c2009
650 _aANATOMY
700 _a Dr. Kamlesh Khatri Gu.
_9538490
700 _a Dr. Mahindra Nagar Gu.
700 _aUniversity of Delhi. Faculty of Medical Sciences. Department of Anatomy
942 _cDIS
_2CC
999 _c871500
_d871500